| 000 | 00738nam a22002057a 4500 | ||
|---|---|---|---|
| 008 | 090312t xxu||||| |||| 00| 0 eng d | ||
| 010 | _aENG-93150 | ||
| 020 |
_c60.00 _a9788180160639 |
||
| 035 | _aEN-76683 | ||
| 037 | _bDBAD / PUB | ||
| 040 |
_adpl _bEnglish |
||
| 082 | _a005.133 | ||
| 100 | _aRajeswari, K. | ||
| 245 |
_aJava programming / _cby K. Rajeswari |
||
| 260 |
_aCoimbatore _bTeacher's Publishing House _c2008 |
||
| 300 |
_a97p. _c21cm (pbk) |
||
| 650 | _aJava (Computer program language). | ||
| 942 |
_2ddc _cEN _mRAJ _h005.133 |
||
| 999 |
_c25060 _d25060 |
||